000 00388nam a2200169Ia 4500
003 GCL
008 140319s9999 xx 000 0 eng d
040 _aGCL /
_cGCL
082 0 4 _a741.2
_bR D
100 1 _aRODUELL, JENNY
245 1 0 _aDRAWING /
_cRODUELL, JENNY
260 _a[S.N] :
_bHAMLYN ،
_c1992
300 _a156 PP
650 0 4 _aDRAWING
650 0 4 _aARTS
942 _2ddc
_cBK
999 _c18930
_d18930